000 00897nam a2200265Ia 4500
003 OSt
005 20220930072809.0
006 a|||||r|||| 00| 0
007 ta
008 220926b |||||||| |||| 00| 0 eng d
024 _a24956
037 _cTheses
040 _aCRL
_cCRL
_beng
041 _2eng
_aeng
100 _aSharma Sanjeev
_9530456
110 _aUniversity of Delhi. Faculty of Medical Sciences. Department of Orthopaedics
_9519703
245 0 _aRole of unreamed intramedullary interlocking nailing in various types of diaphyseal fractures of the humerus
260 _c1998
300 _a87p.
_ap.
_ccm.
650 _aORTHOPEDICS
_9519704
700 _a Dr K S Rao Supervisor
_9527469
700 _aUniversity of Delhi. Faculty of Medical Sciences. Department of Orthopaedics
_9519706
942 _cDIS
_2CC
999 _c864329
_d864329